| 000 | 01262nam0a22002891 4500 | ||
|---|---|---|---|
| 001 | rc\3801700 | ||
| 005 | 20220111120836.0 | ||
| 021 |
_aRU _b[75-65803] |
||
| 035 | _a(NLR Aleph) 007256168 | ||
| 090 |
_a5257993 _c5257993 |
||
| 100 | _a20120311d1975 |||y0rusy50 ca | ||
| 101 | 0 | _arus | |
| 102 | _aRU | ||
| 105 | _aa z ||||| | ||
| 200 | 1 |
_aИндукция цветения и морфогенез монокарпических побегов травянистых поликарпических растений _e[Сборник статей _fОтв. ред. проф. И.К. Киршин] _gМВ и ССО РСФСР. Уральск. гос. ун-т им. А.М. Горького |
|
| 210 |
_aСвердловск _c[Урал. ун-т] _d1975 |
||
| 215 |
_a150 с. _cил. _d21 |
||
| 320 | _aСписки лит. в конце статей | ||
| 606 |
_aТравянистые растения _xОнтогенез _jСборники _2psbo |
||
| 702 | 1 |
_aКиршин _bИ. К. _4340 |
|
| 712 | 0 | 2 |
_aУральский университет им. А. М. Горького _cСвердловск _3RU\NLR\AUTH\889947002 |
| 801 | 0 |
_aRU _bNLR _gpsbo |
|
| 801 | 1 |
_aRU _bELAR _2rusmarc |
|
| 852 |
_aNLR _j75-5/3131 |
||
| 942 | _cBOOK | ||
| 980 | _aNB | ||